| 000 | 00788cam a2200253 a 4500 | ||
|---|---|---|---|
| 001 | 17252236 | ||
| 005 | 20201128021222.0 | ||
| 008 | 120412s2012 nyu 001 0 eng | ||
| 020 | _a9780071790956 (pbk. : alk. paper) | ||
| 020 | _a0071790950 (pbk. : alk. paper) | ||
| 082 | 0 | 0 |
_a158.2 _222 _bBER |
| 100 | 1 | _aBernstein, Albert J. | |
| 245 | 1 | 0 |
_aEmotional vampires : _bdealing with people who drain you dry / _cAlbert J. Bernstein. |
| 250 | _a2nd ed. | ||
| 260 |
_aNew York : _bMcGraw-Hill, _cc2012. |
||
| 300 |
_axi, 260 p. ; _c23 cm. |
||
| 500 | _aIncludes index. | ||
| 650 | 0 | _aVerbal self-defense. | |
| 650 | 0 |
_aInterpersonal conflict. _9822 |
|
| 650 | 0 | _aInterpersonal communication. | |
| 653 |
_bGGEN _bBUSADM _cMarch2015 |
||
| 655 |
_vreading book _934232 |
||
| 942 | _2ddc | ||
| 999 |
_c19028 _d19000 |
||